000 00458pab a2200181 454500
008 180718b2014 xxu||||| |||| 00| 0 eng d
100 _aKantor, Yuval
245 _aTowards a general theory of mixed zones: The role of congestion
260 _c2014
300 _ap.50-58.
362 _aSep
650 _aLand use
700 _aOmmeren, Jos Van
700 _aReitveld, Piet
773 _aJournal of Urban Economics
908 _aN
909 _a106764
999 _c106759
_d106759